<?xml version="1.0" encoding="UTF-8"?><?xml-stylesheet type="text/xsl" href="static/style.xsl"?><OAI-PMH xmlns="http://www.openarchives.org/OAI/2.0/" xmlns:xsi="http://www.w3.org/2001/XMLSchema-instance" xsi:schemaLocation="http://www.openarchives.org/OAI/2.0/ http://www.openarchives.org/OAI/2.0/OAI-PMH.xsd"><responseDate>2026-04-14T03:15:10Z</responseDate><request verb="GetRecord" identifier="oai:www.recercat.cat:10459.1/57244" metadataPrefix="marc">https://recercat.cat/oai/request</request><GetRecord><record><header><identifier>oai:recercat.cat:10459.1/57244</identifier><datestamp>2024-12-05T22:06:06Z</datestamp><setSpec>com_2072_3622</setSpec><setSpec>col_2072_479130</setSpec></header><metadata><record xmlns="http://www.loc.gov/MARC21/slim" xmlns:dcterms="http://purl.org/dc/terms/" xmlns:xsi="http://www.w3.org/2001/XMLSchema-instance" xmlns:doc="http://www.lyncode.com/xoai" xsi:schemaLocation="http://www.loc.gov/MARC21/slim http://www.loc.gov/standards/marcxml/schema/MARC21slim.xsd">
   <leader>00925njm 22002777a 4500</leader>
   <datafield ind2=" " ind1=" " tag="042">
      <subfield code="a">dc</subfield>
   </datafield>
   <datafield ind2=" " ind1=" " tag="720">
      <subfield code="a">García González, Roberto</subfield>
      <subfield code="e">author</subfield>
   </datafield>
   <datafield ind2=" " ind1=" " tag="720">
      <subfield code="a">Gil Iranzo, Rosa María</subfield>
      <subfield code="e">author</subfield>
   </datafield>
   <datafield ind2=" " ind1=" " tag="260">
      <subfield code="c">2016-06-21T08:40:18Z</subfield>
   </datafield>
   <datafield ind2=" " ind1=" " tag="260">
      <subfield code="c">2008</subfield>
   </datafield>
   <datafield ind2=" " ind1=" " tag="520">
      <subfield code="a">Purpose – To extract the full potential from internet-wide knowledge sharing and reuse, the&#xd;
underlying copyright issues must be taken into account and managed using digital rights&#xd;
management (DRM) tools. The paper aims to focus on the issues involved.&#xd;
Design/methodology/approach – Traditional DRM and open licensing initiatives lack the&#xd;
required computerised support and flexibility to scale to internet-wide copyright management. Our&#xd;
approach is based on a semantic web ontology that conceptualises the copyright domain.&#xd;
Findings – The Copyright Ontology facilitates interoperation while providing a rich framework that&#xd;
accommodates copyright law and copes with custom licensing schemes.&#xd;
Research limitations/implications – The ontology is based on the description logic variant of the&#xd;
Web Ontology Language. Despite its scalability, this variant has some limitations on expression that&#xd;
will be overcome with the help of semantic web rules in future versions of the ontology.&#xd;
Practical implications – The ontology provides the building blocks for flexible&#xd;
machine-understandable licenses and facilitates implementation because existing semantic web&#xd;
tools can be easily reused. Moreover, existing initiatives can be mapped to the ontology to make it an&#xd;
interoperability hub.&#xd;
Originality/value – The paper contributes a novel approach to DRM, based on semantic web&#xd;
technologies, that takes into account the underlying copyright legal framework. This is possible&#xd;
thanks to the greater expressiveness of semantic web knowledge representation tools.</subfield>
   </datafield>
   <datafield ind1="8" ind2=" " tag="024">
      <subfield code="a">http://hdl.handle.net/10459.1/57244</subfield>
   </datafield>
   <datafield tag="653" ind2=" " ind1=" ">
      <subfield code="a">Knowledge sharing</subfield>
   </datafield>
   <datafield tag="653" ind2=" " ind1=" ">
      <subfield code="a">Copyright law</subfield>
   </datafield>
   <datafield tag="653" ind2=" " ind1=" ">
      <subfield code="a">Knowledge engineering</subfield>
   </datafield>
   <datafield tag="653" ind2=" " ind1=" ">
      <subfield code="a">Semantics</subfield>
   </datafield>
   <datafield ind2="0" ind1="0" tag="245">
      <subfield code="a">Semantic copyright management for internet-wide knowledge sharing and reuse</subfield>
   </datafield>
</record></metadata></record></GetRecord></OAI-PMH>